Sobrevivir en la población José M. Caro y en Lo Hermida

Guardat en:
Dades bibliogràfiques
Autor principal: Schkolnik, Mariana (Autor)
Format: Llibre
Idioma:espanyol
Publicat: Santiago PET 1986
Col·lecció:Colección Temas Sociales, 1
Matèries:
Etiquetes: Afegir etiqueta
Sense etiquetes, Sigues el primer a etiquetar aquest registre!

MARC

LEADER 00000nam a2200000 a 4500
001 UCX0609
003 CL-VaPUC
008 891128e19860000CL |||||||||||||||||spa|d
082 0 4 |a 339.46  |b SCH  |2 21 
100 0 |a Schkolnik, Mariana  |e author  |9 316020 
245 1 0 |a Sobrevivir en la población José M. Caro y en Lo Hermida 
300 |a 150 p 
942 |c BK 
945 |d 19891128 00:00:00 
260 |a Santiago  |b PET  |c 1986 
650 7 |a POBREZA ESTUDIO Y CASOS  |2 CL-VaPUC  |9 316021 
650 7 |a POBREZA URBANA  |2 CL-VaPUC  |9 308662 
651 7 |a CHILE  |2 CL-VaPUC  |9 316022 
583 |a last modification  |c 19891128 00:00:00  |k Rodrigo Vera 
490 0 |a Colección Temas Sociales, 1 
999 |c 222155  |d 222153 
952 |0 0  |1 0  |4 0  |6 339_460000000000000_SCH_1986  |7 0  |8 A  |9 216516  |a BIBENE  |b BIBENE  |d 2019-11-15  |i 2851520  |o 339.46 SCH 1986  |p 2851520  |r 2025-01-15  |w 2019-11-15  |y BK  |k ICO